书目信息 |
| 题名: |
论证与分析
|
|
| 作者: | 谷振诣 著 | |
| 分册: | ||
| 出版信息: | 北京 人民出版社 2000 |
|
| 页数: | 609页 | |
| 开本: | 20cm | |
| 丛书名: | ||
| 单 册: | ||
| 中图分类: | B812-49 | |
| 科图分类: | ||
| 主题词: | 形式逻辑--普及读物 | |
| 电子资源: | ||
| ISBN: | 7-01-003228-9 | |
| 000 | 00596nam0 2200205 45 | |
| 001 | 0206190831 | |
| 005 | 20041124105958.2 | |
| 010 | @a7-01-003228-9@dCNY32.00 | |
| 100 | @a20020619d2000 km y0chiy0120 ea | |
| 101 | 0 | @achi |
| 105 | @a z 000yy | |
| 200 | 1 | @a论证与分析@ALun Zheng Yu Fen Xi@e逻辑的应用@ELuo Ji De Ying Yong@f谷振诣著@FGu Zhen Yi Zhu |
| 210 | @a北京@c人民出版社@d2000 | |
| 215 | @a609页@d20cm | |
| 517 | @a逻辑的应用@ALuo Ji De Ying Yong | |
| 606 | 0 | @a形式逻辑@x普及读物 |
| 690 | @aB812-49@v4 | |
| 701 | 0 | @a谷振诣@4著 |
| 801 | @aCN@bTSTC@c20020619 | |
| 905 | @dB812-49@e145 | |
| 论证与分析:逻辑的应用/谷振诣著.-北京:人民出版社,2000 |
| 609页;20cm |
| ISBN 7-01-003228-9:CNY32.00 |
| ● |
| 相关链接 |
|
|
|
|
正题名:论证与分析
索取号:B812-49/145
 
预约/预借
| 序号 | 登录号 | 条形码 | 馆藏地/架位号 | 状态 | 备注 |
| 1 | 0312300 | 203123002 | 第一借阅区/ [索取号:B812-49/145] | 在馆 | |
| 2 | 0312301 | 203123011 | 密集书库/ [索取号:B812-49/145] | 在馆 | |
| 3 | 0312302 | 203123020 | 第一借阅区/ [索取号:B812-49/145] | 在馆 | |
| 4 | 0312303 | 203123039 | 密集书库/ [索取号:B812-49/145] | 在馆 | |
| 5 | 0312304 | 203123048 | 第一样本阅览室/ [索取号:B812-49/145] | 在馆 |